General chemistry

Bibliographic Details
Main Authors: Becker, Ralph S, Wentworth, Wayne
Format: Section = Libro
Language:Undetermined
Spanish
Published: United States Houghton Mifflin Company 1973
Subjects:
LEADER 00481nam a2200193Ia 4500
008 240830s9999 xx 000 0 und d
020 |a 0-395-16003-0 
040 |a CEDOC FIQ-RUSB / 540 B395 
041 |a spa 
082 |a 540 B395 
100 1 |a Becker, Ralph S 
100 1 |b Wentworth, Wayne 
245 1 0 |a General chemistry 
260 |a United States  |b Houghton Mifflin Company  |c 1973 
300 |a 99 p. 
650 7 |a QUÍMICA GENERAL 
942 |c BK  |2 ddc 
991 |a TEXTO 
999 |c 13900